000 00638nam a2200205Ia 4500
003 GCL
008 140319s9999 xx 000 0 ara d
040 _aGCL /
_cGCL
082 0 4 _a610.953
_bج ر
100 1 _aجورج شحاتة قنواتى
245 1 0 _aرسائل ابن رشد الطبية /
_cجورج شحاتة قنواتى
700 1 _aسعد زايد
700 1 _aابراهيم مدكور
260 _a[S.N] :
_bالهيئة المصرية العامة للكتاب ،
_c1987
300 _a438 ص
490 _aمركز تحقيق التراث
_v0
650 0 4 _aتاريخ
650 0 4 _aالطب
942 _2ddc
_cBK
999 _c29984
_d29984